| 000 | 00657 a2200217 4500 | ||
|---|---|---|---|
| 001 | 140073 | ||
| 003 | OSt | ||
| 005 | 20260120174331.0 | ||
| 008 | |||
| 020 | _a9781259027437 | ||
| 082 |
_a518 _bC36A |
||
| 100 | 1 | _aChapra, Steven C. | |
| 245 | 1 |
_aApplied numerical methods with MATLAB for engineers and scientists _cby Steven C. Chapra |
|
| 250 | _a3rd ed. | ||
| 260 |
_aNew Delhi _bMcGraw Hill _c2013 |
||
| 300 | _a653p. | ||
| 546 | _aenglish | ||
| 650 | _aMathematics | ||
| 653 | _aNumerical analysis; Data processing; MATLAB; Engineering mathematics; Numerical analysis; Computer programs | ||
| 942 |
_2ddc _cBK |
||
| 999 |
_c20683 _d20683 |
||